000 00642nab a2200181 4500
001 244442
003 OSt
005 20250331092940.0
007 tu
008 200917s2020|||||||
040 _aDE-2950
_cDE-2950
245 0 0 _aWie die Stadtfest-Planer das Thema Sicherheit angehen
_bParty. Vom 11. - 23. Juli 2025 findet mit dem 20. Hanse-Stadtfest in Frankfurt (Oder) ein Jubiläum statt. Was zum Bunten Hering 2025 bisher bekannt ist/
_cThomas Gutke
264 _c2024
653 _aFrankfurt (Oder)
653 _aBunter Hering
773 0 _g36. Jahrgang (2025) Nr. 75 vom 29.03.2025, S. 15 mit Foto
_tMärkische Oderzeitung
942 _2z
_cA
999 _c373673
_d373673